Économie et statistique revue mensuelle

Enregistré dans:
Détails bibliographiques
Format: Publication en série
Langue:français
Publié: Paris Institut National de la Statistique et des Études Économiques 1979
Tags: Ajouter un tag
Pas de tags, Soyez le premier à ajouter un tag!

MARC

LEADER 00000nas2a22000001 4500
001 0011969
005 20250730114305.9
041 0 |a fre 
044 |a FR 
245 1 0 |a Économie et statistique  |b revue mensuelle 
264 1 |a Paris  |b Institut National de la Statistique et des Études Économiques  |c 1979 
300 |a 1 zv. 
773 0 |w eu_un_cat*s120656